000
00188 a2200097 4500
020
_a
9780755301164
041
_a
eng
100
_a
Scarrow, Simon
245
_a
The eagle's prey
942
_c
BK
999
_c
29957
_d
29955